UM Logo

Creaturing/ (Record no. 1303)

MARC details
000 -LEADER
fixed length control field 00469nam a22001577a 4500
008 - FIXED-LENGTH DATA ELEMENTS--GENERAL INFORMATION
fixed length control field 160316b xxu||||| |||| 00| 0 eng d
020 ## - INTERNATIONAL STANDARD BOOK NUMBER
International Standard Book Number 978-1-934851-18-0
082 ## - DEWEY DECIMAL CLASSIFICATION NUMBER
Edition number 2010
Classification number DC 811.54
Item number F84c
100 ## - MAIN ENTRY--PERSONAL NAME
9 (RLIN) 3832
Personal name Fratus, Tiziano.
245 ## - TITLE STATEMENT
Title Creaturing/
Statement of responsibility, etc. Tiziano Fratus; translated by Francesco Levato.
260 ## - PUBLICATION, DISTRIBUTION, ETC. (IMPRINT)
Place of publication, distribution, etc. United States:
Name of publisher, distributor, etc. Marick Press,
Date of publication, distribution, etc. c2010.
300 ## - PHYSICAL DESCRIPTION
Extent vi, 93 pages;
Dimensions 23 cm.
650 #0 - SUBJECT ADDED ENTRY--TOPICAL TERM
9 (RLIN) 3833
Topical term or geographic name as entry element Poems.
650 #0 - SUBJECT ADDED ENTRY--TOPICAL TERM
9 (RLIN) 3834
Topical term or geographic name as entry element Poetry.
942 ## - ADDED ENTRY ELEMENTS (KOHA)
Source of classification or shelving scheme Dewey Decimal Classification
Koha item type Circulation
Holdings
Withdrawn status Lost status Source of classification or shelving scheme Damaged status Not for loan Collection code Home library Current library Date acquired Source of acquisition Total Checkouts Full call number Barcode Date last seen Price effective from Koha item type
    Dewey Decimal Classification     Circulation UM Digos College - LIC UM Digos College - LIC 05/30/2011 PLMP   DC 811.54 F84c 2010 21483 05/15/2025 03/16/2016 Circulation